000 00492cam a22001931 4500
001 af 48002098
003 DLC
005 20260227110853.0
008 890607s1947 gw 000 1 ger c
010 _aaf 48002098
035 _a(OCoLC)19832139
040 _aYale Univ. Library
_cCU
_dDLC
042 _apremarc
050 0 0 _aPT2647.O39
_bN5
100 1 _aWolf, Henry,
_d1901-
245 1 0 _aNinon Radue;
_bNovelle.
260 _aKarlsruhe,
_bSchwerdtfeger,
_c1947.
300 _a194 p.
_c15 cm.
999 _c4865
_d4865